HRMIS : Transformasi pengurusan sumber manusia sektor awam Malaysia abad ke-21

Bibliographic Details
Corporate Author: Jabatan Perkhidmatan Awam Malaysia
Format: Book
Language:Malay
Published: Cyberjaya : Jabatan Perkhidmatan Awam , 2009
Subjects:

MARC

LEADER 00000cam a2200000 7i4500
001 0000026977
005 20161104.0
008 161013 my may
020 |a 9789839187267 
040 |a INS 
090 0 0 |a T58.6   |b H873 2009 
245 0 0 |a HRMIS :   |b Transformasi pengurusan sumber manusia sektor awam Malaysia abad ke-21   |c Jabatan Perkhidmatan Awam Malaysia 
260 |a Cyberjaya :   |b Jabatan Perkhidmatan Awam ,   |c 2009 
300 |a vii, 146 ms :   |b gambar berwarna ;   |c 25 cm. 
650 0 |a Management Information Systems   |z Malaysia 
710 1 |a Jabatan Perkhidmatan Awam Malaysia 
999 |a 0000023649   |b BOOK   |c Open Shelf   |e Default branch